[Event "Africa-ch U16"]
[Site "Windhoek"]
[Date "2019.12.21"]
[Round "9.3"]
[White "Gichuki, Jeff"]
[Black "Okeke, Isaac Chukwudalu"]
[Result "0-1"]
[WhiteElo "1595"]
[BlackElo "2083"]
[PlyCount "52"]
[EventDate "2019.12.16"]
[EventType "swiss"]
[EventRounds "9"]
[EventCountry "NAM"]
[SourceTitle "EXT 2024"]
[Source "ChessBase"]
[SourceDate "2023.10.10"]
[SourceVersion "1"]
[SourceVersionDate "2023.10.10"]
[SourceQuality "1"]

1. e4 c5 2. Nf3 e6 3. d4 cxd4 4. Nxd4 Nf6 5. Nc3 d6 6. Be2 Be7 7. Be3 a6 8. Qd2 b5 9. a3 Bb7 10. f3 Nc6 11. 0-0-0 Rc8 12. g4 Ne5 13. Nb3 Nc4 14. Bxc4 Rxc4 15. Na2 Ba8 16. Na5 Rc8 17. Rhf1 d5 18. Qf2 Qxa5 19. Bb6 Qa4 20. Rd4 b4 21. Nxb4 Qb5 22. Rd2 0-0 23. Na2 dxe4 24. Nc3 Rxc3 25. bxc3 exf3 26. Bd4 Bxa3+ 0-1

[Event "World ol U16"]
[Site "Ahmedabad"]
[Date "2017.12.18"]
[Round "9.2"]
[White "Mausyach Suri, Kemas Ade Krisna"]
[Black "Gichuki, Jeff"]
[Result "1-0"]
[WhiteElo "1805"]
[BlackElo "1606"]
[PlyCount "39"]
[EventDate "2017.12.11"]
[EventType "team-swiss"]
[EventRounds "9"]
[EventCountry "IND"]
[SourceTitle "CBM 182 Extra"]
[Source "ChessBase"]
[SourceDate "2018.02.23"]
[SourceVersion "1"]
[SourceVersionDate "2018.02.23"]
[SourceQuality "1"]
[WhiteTeam "Indonesia"]
[BlackTeam "Kenya II"]
[WhiteTeamCountry "INA"]
[BlackTeamCountry "KEN"]

1. e4 c5 2. Nf3 d6 3. d4 cxd4 4. Nxd4 Nf6 5. Nc3 g6 6. Be3 Ng4 7. Bb5+ Bd7 8. Qxg4 Bxb5 9. Ndxb5 Nc6 10. 0-0 Bg7 11. Rad1 0-0 12. Qe2 b6 13. Nd4 Na5 14. b4 Nb7 15. Nc6 Qc7 16. Nd5 Qd7 17. Ndxe7+ Kh8 18. e5 Bxe5 19. Nxe5 Qxe7 20. Nxg6+ 1-0